Celoživotné vzdelávanie diplomová práca

Na minha lista:
Detalhes bibliográficos
Autor principal: Valentová, Katarína
Autor Corporativo: Národohospodárska fakulta EU. Katedra sociálneho rozvoja a práce
Outros Autores: Antalová, Mária, 1952-
Formato: Livro
Idioma:eslovaco
Publicado em: Bratislava 2008
Tags: Adicionar Tag
Sem tags, seja o primeiro a adicionar uma tag!

MARC

LEADER 00000nam$a2200000$$$4500
001 0078330
005 20240201114929.5
041 0 |a slo 
044 |a SK 
245 1 0 |a Celoživotné vzdelávanie  |b diplomová práca  |c Katarína Valentová ; škol. Mária Antalová 
264 1 |a Bratislava  |c 2008 
300 |a 73 s. 
100 1 |a Valentová, Katarína 
700 1 |a Antalová, Mária, 1952- 
710 2 |a Národohospodárska fakulta EU. Katedra sociálneho rozvoja a práce